| 000 | 00663nam a2200217 a 4500 | ||
|---|---|---|---|
| 001 | 59446 | ||
| 003 | BD-RjUL | ||
| 005 | 20211209080730.0 | ||
| 008 | 161224s1957 njua 001 0 eng | ||
| 035 | _a(BD-RjUL) 59570 | ||
| 040 |
_aDLC _cFO _dMH _dUk _dDLC _dBD-RjUL _beng |
||
| 041 | _aeng | ||
| 082 |
_a951.9042 _223 _bSTA 1957 |
||
| 100 | 1 |
_aStewart, James T., _d1921- _9176798 |
|
| 245 | 1 | 0 |
_aAirpower : _bthe decisive force in Korea / _cJames T. Stewart |
| 260 |
_aPrinceton, N.J. : _bVan Nostrand, _cc1957 |
||
| 300 |
_a310 p. : _bill. ; _c24 cm. |
||
| 500 | _aIncludes index. | ||
| 650 | 0 |
_aKorean War, 1950-1953 _xAerial operations. _9176799 |
|
| 942 |
_2ddc _cBK |
||
| 999 |
_c59446 _d59446 |
||